Guess the Indian Cricketers - Statistics

General Stats
  • This quiz has been taken 158 times
  • The average score is 10 of 18
Answer Stats
Picture Answer % Correct
Virat Kohli
99%
Rohit Sharma
97%
Ms Dhoni
88%
Sachin Tendulkar
81%
Harbhajan Singh
71%
Kapil Dev
71%
Rahul Dravid
70%
Sunil Gavaskar
60%
Shikhar Dhawan
58%
Ishant Sharma
57%
Zaheer Khan
49%
Anil Kumble
45%
Irfan Pathan
40%
Bhuvaneshwar Kumar
34%
Virender Sehwag
32%
VVS Laxman
32%
Munaf Patel
25%
Gautham Gambhir
22%
No matching quizzes found
Score Distribution
Percent of People with Each Score
Percentile by Number Answered
Your Score History
You have not taken this quiz